Advanced network administration / (Record no. 642)

MARC details
000 -LEADER
fixed length control field 00582nac a22001811u 4500
008 - FIXED-LENGTH DATA ELEMENTS--GENERAL INFORMATION
fixed length control field 100831s2003 nju|||||r|||| 00| 0 eng d
010 ## - LIBRARY OF CONGRESS CONTROL NUMBER
LC control number 2002066216
020 ## - INTERNATIONAL STANDARD BOOK NUMBER
International Standard Book Number 0130970484
020 ## - INTERNATIONAL STANDARD BOOK NUMBER
International Standard Book Number 9780130970480
082 00 - DEWEY DECIMAL CLASSIFICATION NUMBER
Classification number 004.6068
Item number WIS
Edition number 22
100 ## - MAIN ENTRY--PERSONAL NAME
Personal name Wisniewski, Steve.
9 (RLIN) 17742
245 10 - TITLE STATEMENT
Title Advanced network administration /
Statement of responsibility, etc Steve Wisniewski.
260 ## - PUBLICATION, DISTRIBUTION, ETC. (IMPRINT)
Place of publication, distribution, etc Upper Saddle River, NJ :
Name of publisher, distributor, etc Prentice Hall,
Date of publication, distribution, etc c2003.
300 ## - PHYSICAL DESCRIPTION
Extent xviii, 1005 p. :
Other physical details ill. ;
Dimensions 25 cm.
500 ## - GENERAL NOTE
General note Includes index.
650 #0 - SUBJECT ADDED ENTRY--TOPICAL TERM
Topical term or geographic name as entry element Computer networks
General subdivision Management.
9 (RLIN) 17743
942 ## - ADDED ENTRY ELEMENTS (KOHA)
Item type Book - Borrowing
Call number prefix 004.6068 WIS
Source of classification or shelving scheme Dewey Decimal Classification
Holdings
Withdrawn status Item status Source of classification or shelving scheme Damaged status Not for loan Vendor Home library Current library Shelving location Date acquired Source of acquisition Cost, normal purchase price Total Checkouts Full call number Barcode Date last seen Cost, replacement price Koha item type
    Dewey Decimal Classification       Central Library Central Library Lower Floor 20/07/2006   295.00   004.6068 WIS 000003964 15/07/2025 368.75 Book - Borrowing